00576nam a2200193 a 4500001001300000003000900013005001700022008004100039020002600080082001500106100002300121245006400144260004900208300000900257500003500266505003700301650002100338700002300359nice12345678IN_TiNIC20260116013116.0050524s1988 pria grp 000 0 eng  a069181X c465.9800a181.4bBON aBondudrant, Joan V aConquest of Violenceb the Gandhian Philosophy of Conflict. aPrincetonbPrinceton University Press c1988 a281p aincludes index and biblioraphy2 aBibliography/ Glossary and Index aPhilosophy-Hindu1 aBondudrant, Joan V